County Seats of Alaska - Statistics

General Stats
  • This quiz has been taken 7 times
  • The average score is 21 of 30
Answer Stats
Hint Answer % Correct
Anchorage Anchorage
100%
Fairbanks North Star Fairbanks
100%
Nome Nome
100%
North Slope Barrow/Utqiagvik
80%
Bethel Bethel
80%
Dillingham Dillingham
80%
Haines Haines
80%
Hoonah-Angoon Hoonah
80%
Juneau Juneau
80%
Ketchikan Ketchikan
80%
Kodiak Kodiak
80%
Petersburg Petersburg
80%
Sitka Sitka
80%
Skagway Skagway
80%
Chugach Valdez
80%
Wrangell Wrangell
80%
Yakutat Yakutat
80%
Copper River Glennallen
60%
Prince Of Wales Hyder Hyder/Craig
60%
Northwest Arctic Kotzebue
60%
Matanuska-Susitna Palmer
60%
Aleutians East Sandpoint
60%
Kenai Peninsula Soldotna
60%
Aleutians West Unalaska
60%
Southeast Fairbanks Deltana
40%
Yukon Koyukuk Fort Yukon
40%
Denali Healy
40%
Kusilvak Hooper Bay
40%
Lake And Peninsula King Salmon
40%
Bristol Bay Naknek
40%
No matching quizzes found
Score Distribution
Percent of People with Each Score
Percentile by Number Answered
Your Score History
You have not taken this quiz